[Event "Gibraltar Amateur op-B"]
[Site "Caleta"]
[Date "2016.01.31"]
[Round "2"]
[White "Gonzalez Pabollet, Jesus Maria"]
[Black "Kuenitz, Klaus"]
[Result "1/2-1/2"]
[WhiteElo "1854"]
[BlackElo "1778"]
[PlyCount "76"]
[EventDate "2016.01.30"]
[EventType "swiss"]
[EventRounds "5"]
[EventCountry "GGB"]
[SourceTitle "CBM 170 Extra"]
[Source "ChessBase"]
[SourceDate "2016.02.25"]
[SourceVersion "1"]
[SourceVersionDate "2016.02.25"]
[SourceQuality "1"]

1. d4 f5 2. c4 d6 3. Nc3 g6 4. g3 Bg7 5. Bg2 Nf6 6. Nh3 0-0 7. 0-0 Na6 8. a3 e5 9. e3 h6 10. Qc2 g5 11. dxe5 dxe5 12. Rd1 Qe8 13. f4 g4 14. Nf2 e4 15. b4 c6 16. Bb2 Be6 17. Bf1 Qf7 18. Nb1 b5 19. Nd2 Rac8 20. Rac1 Rfd8 21. Nb3 bxc4 22. Bxc4 Nd5 23. Bxa6 Nxe3 24. Rxd8+ Rxd8 25. Qe2 Bxb2 26. Rxc6 Bxb3 27. Qxb2 Nd1 28. Qxb3 Qxb3 29. Bc4+ Qxc4 30. Rxc4 e3 31. Nxg4 e2 32. Nxh6+ Kh7 33. Rc7+ Kxh6 34. Re7 Rd2 35. a4 Nc3 36. Kf2 Nxa4 37. Rxe2 Rxe2+ 38. Kxe2 Nc3+ 1/2-1/2